[Event "56th World U20 ch"]
[Site "Tarvisio ITA"]
[Date "2017.11.14"]
[Round "2.36"]
[White "Liang, Awonder"]
[Black "Sidhant, Mohapatra"]
[Result "1-0"]
[WhiteElo "2558"]
[BlackElo "2371"]
[EventDate "2017.11.13"]
[PlyCount "97"]

1.e4 e5 2.Nf3 Nc6 3.Bb5 a6 4.Ba4 Nf6 5.O-O Be7 6.Re1 b5 7.Bb3 d6 8.c3 O-O 
9.h3 Nb8 10.d4 Nbd7 11.Nbd2 Bb7 12.Bc2 Re8 13.Nf1 Bf8 14.Ng3 g6 15.a4 Bg7 
16.Bd3 c6 17.Bg5 Qe7 18.Qc2 Qf8 19.Be3 Rac8 20.Qb1 Bh6 21.Bxh6 Qxh6 22.Qa2
Nb6 23.b3 Ra8 24.Qb2 Nbd7 25.Rad1 Rad8 26.Bf1 Nh5 27.Nxh5 Qxh5 28.Qd2 Kg7 
29.c4 bxa4 30.Qb4 Bc8 31.Qxa4 c5 32.d5 f5 33.Qc6 Nf6 34.Nd2 fxe4 35.b4 
cxb4 36.c5 dxc5 37.Nc4 e3 38.Nxe3 Ne4 39.d6 Bf5 40.Ng4 Nc3 41.d7 Re6 42.
Rd6 Re7 43.Qxc5 Bxg4 44.hxg4 Qxg4 45.Rd4 Qe6 46.Bc4 Qf6 47.Rd6 Qg5 48.Qc7 
Ne4 49.Qxd8 1-0

[Event "56th World U20 ch"]
[Site "Tarvisio ITA"]
[Date "2017.11.14"]
[Round "2.37"]
[White "Macovei, Andrei"]
[Black "Ladva, Ottomar"]
[Result "1/2-1/2"]
[WhiteElo "2343"]
[BlackElo "2543"]
[EventDate "2017.11.13"]
[PlyCount "75"]

1.e4 c5 2.Nf3 e6 3.d4 cxd4 4.Nxd4 Nc6 5.Nc3 Qc7 6.Be3 a6 7.Qd2 Be7 8.f4 b5
9.Bd3 Bb7 10.a3 d6 11.O-O-O Nf6 12.h3 O-O 13.g4 Nxd4 14.Bxd4 d5 15.e5 Ne4 
16.Bxe4 dxe4 17.Qe3 Rfc8 18.Rh2 b4 19.axb4 Bxb4 20.Nxe4 Bd5 21.Kb1 a5 22.
Nd6 Bxd6 23.exd6 Qxd6 24.g5 a4 25.Qe5 Qxe5 26.Bxe5 Rc4 27.Rd4 Rc6 28.Rb4 
h6 29.h4 Kh7 30.Rh3 hxg5 31.hxg5+ Kg6 32.Rb8 Rxb8 33.Bxb8 f6 34.gxf6 gxf6 
35.Rc3 Rb6 36.Bc7 Rb4 37.Kc1 Kf5 38.Bd6 {... 53 moves} 1/2-1/2

[Event "56th World U20 ch"]
[Site "Tarvisio ITA"]
[Date "2017.11.14"]
[Round "2.38"]
[White "Tasdogen, Dincer"]
[Black "Harutiunian, Tigran"]
[Result "1/2-1/2"]
[WhiteElo "2235"]
[BlackElo "2508"]
[EventDate "2017.11.13"]
[PlyCount "61"]

1.e4 e5 2.Nf3 Nc6 3.d4 exd4 4.Nxd4 Bc5 5.Nb3 Bb6 6.Nc3 Nf6 7.Qe2 O-O 8.Bg5
h6 9.Bh4 a5 10.a4 Nd4 11.Qd3 Nxb3 12.cxb3 c6 13.O-O-O d5 14.exd5 cxd5 15.
Nxd5 g5 16.Qf3 Nxd5 17.Rxd5 Qc7+ 18.Bc4 Be6 19.Bxg5 Bxd5 20.Qxd5 hxg5 21.
Qxg5+ Kh8 22.Qh6+ Kg8 23.Qg5+ Kh8 24.Qh6+ Kg8 25.Qg5+ Kh8 26.Qh6+ Kg8 27.
Qg5+ Kh8 28.Qh6+ Kg8 29.Qg5+ Kh8 30.Qh6+ Kg8 $11 31.g3 1/2-1/2

[Event "56th World U20 ch"]
[Site "Tarvisio ITA"]
[Date "2017.11.14"]
[Round "2.39"]
[White "Nie Xinyang"]
[Black "Gagare, Shardul"]
[Result "0-1"]
[WhiteElo "2288"]
[BlackElo "2482"]
[EventDate "2017.11.13"]
[PlyCount "138"]

1.e4 c5 2.Nf3 e6 3.d4 cxd4 4.Nxd4 a6 5.Nc3 Qc7 6.Be2 Nf6 7.O-O Nc6 8.Be3 
Bb4 9.Na4 Be7 10.Nxc6 bxc6 11.Nb6 Rb8 12.Nxc8 Qxc8 13.e5 Nd5 14.Bc1 Bc5 
15.c4 Ne7 16.Kh1 Qc7 17.f4 O-O 18.b3 d6 19.exd6 Bxd6 20.Bd3 g6 21.g3 Bc5 
22.Bb2 Rbd8 23.Qe2 Bd4 24.Rad1 c5 25.Be4 Rfe8 26.Qg2 a5 27.Bc1 Nf5 28.Rd3 
Bg7 29.Rfd1 Rxd3 30.Rxd3 Nd4 31.Be3 $11 e5 32.Bxd4 exd4 33.Rd2 a4 34.Re2 
axb3 35.axb3 Qa5 36.Qf3 Qc3 37.Kg2 Rd8 38.Qxc3 dxc3 39.Bc2 Bd4 40.Kf3 Kg7 
41.h3 h5 42.Re1 Ra8 43.h4 f5 44.Re2 Kf7 45.Re1 Ra7 46.Re2 Re7 47.Bd1 Rxe2 
48.Kxe2 Ke7 49.Ke1 Kd6 50.Ke2 Kc7 51.Ke1 Kb6 52.Bf3 Bf2+ 53.Kd1 Bxg3 54.
Bd5 Bxf4 55.Kc2 Be5 56.Bf7 g5 57.hxg5 h4 58.Be6 f4 59.Bg4 Kc6 60.Kd3 Kd6 
61.Kc2 Ke7 62.Kd3 Kf7 63.Bf5 Kg7 64.Be4 h3 65.Ke2 h2 66.Kd3 Bd4 67.Kc2 Kf7
68.Kd3 Ke6 69.Kc2 Ke5 0-1

[Event "56th World U20 ch"]
[Site "Tarvisio ITA"]
[Date "2017.11.14"]
[Round "2.40"]
[White "Christiansen, Johan-Sebastian"]
[Black "Sadhwani, Raunak"]
[Result "1-0"]
[WhiteElo "2468"]
[BlackElo "2339"]
[EventDate "2017.11.13"]
[PlyCount "65"]

1.d4 Nf6 2.c4 g6 3.Nc3 Bg7 4.e4 d6 5.Bd3 O-O 6.Nge2 e5 7.d5 a5 8.O-O Nh5 
9.Be3 f5 10.exf5 gxf5 11.f3 Na6 12.a3 c5 13.Qd2 Bd7 14.Rab1 Qe8 15.Kh1 Kh8
16.Nb5 Bxb5 17.cxb5 Nc7 18.Nc3 f4 19.Bf2 Rf6 20.b4 axb4 21.axb4 cxb4 22.
Rxb4 Rh6 23.b6 Na6 24.Ra4 Nc5 25.Rxa8 Qxa8 26.Ne4 Nxe4 27.Bxe4 Ng3+ 28.
Bxg3 fxg3 29.h3 Rf6 30.Qg5 Qd8 31.Rc1 Bh6 32.Qh4 Qd7 33.Qxf6+ 1-0

[Event "56th World U20 ch"]
[Site "Tarvisio ITA"]
[Date "2017.11.14"]
[Round "2.41"]
[White "Bilguun, Sumiya"]
[Black "Pangilinan, Stephen Rome"]
[Result "1-0"]
[WhiteElo "2460"]
[BlackElo "2183"]
[EventDate "2017.11.13"]
[PlyCount "89"]

1.e4 c5 2.Nf3 Nc6 3.Bb5 g6 4.O-O Bg7 5.Re1 e5 6.a4 Nge7 7.Nc3 O-O 8.d3 d6 
9.h3 h6 10.Bc4 Be6 11.Nh2 d5 12.exd5 Nxd5 13.Ne4 b6 14.c3 Kh7 15.Ng3 Nc7 
16.Bxe6 Nxe6 17.Qf3 Qd7 18.h4 h5 19.Ne4 f6 20.Be3 Ne7 21.a5 Nd5 22.Bd2 
Rad8 23.Red1 b5 24.g3 a6 25.Qe2 Bh6 26.Bxh6 Kxh6 27.Nf3 Kg7 28.Nfd2 Qc7 
29.Nb3 f5 30.Ned2 f4 31.Re1 Rf5 32.Ne4 f3 33.Qd1 Nf6 34.Nxf6 Rxf6 35.Re3 
c4 36.Nd2 Rxd3 37.Rxd3 cxd3 38.Ne4 Rf7 39.Qxd3 Qc8 40.Qd6 Nf4 41.Qxe5+ Kg8
42.Rd1 Qh3 43.Rd8+ Rf8 44.Rxf8+ Kxf8 45.Qxf4+ 1-0

[Event "56th World U20 ch"]
[Site "Tarvisio ITA"]
[Date "2017.11.14"]
[Round "2.42"]
[White "Nikolovski, Nikola"]
[Black "Thilakarathne, G. M. H."]
[Result "1-0"]
[WhiteElo "2412"]
[BlackElo "2141"]
[EventDate "2017.11.13"]
[PlyCount "63"]

1.e4 c5 2.Nc3 Nc6 3.Bb5 Nd4 4.Bc4 e6 5.Nge2 Nf6 6.O-O a6 7.d3 b5 8.Bb3 
Nxb3 9.axb3 b4 10.Na4 Bb7 11.f4 Be7 12.Ng3 d5 13.e5 Nd7 14.f5 Nxe5 15.Bf4 
Nd7 16.fxe6 fxe6 17.Bh6 Bf6 18.Bxg7 Bxg7 19.Qh5+ Ke7 20.Rf7+ Kd6 21.Rxg7 
Qf6 22.Rf7 Qg6 23.Rxd7+ Kxd7 24.Nxc5+ Kc6 25.Qe5 Rhe8 26.Ne2 Rac8 27.Na4 
Rg8 28.Nd4+ Kd7 29.Nb6+ Ke8 30.g3 Rd8 31.Nxe6 Rd7 32.Nf4+ 1-0

[Event "56th World U20 ch"]
[Site "Tarvisio ITA"]
[Date "2017.11.14"]
[Round "2.43"]
[White "Boruchovsky, Avital"]
[Black "Piyumantha, M. Sasith Nipun"]
[Result "1-0"]
[WhiteElo "2565"]
[BlackElo "2032"]
[EventDate "2017.11.13"]
[PlyCount "69"]

1.e4 c6 2.Nc3 d5 3.Nf3 Bg4 4.h3 Bxf3 5.Qxf3 Nf6 6.d3 e6 7.a3 Bd6 8.d4 dxe4
9.Nxe4 Be7 10.Nxf6+ Bxf6 11.c3 Qd5 12.Be2 Nd7 13.O-O O-O 14.a4 Rfe8 15.a5 
Rad8 16.Be3 a6 17.Rfd1 Nf8 18.Ra4 Ng6 19.g3 Re7 20.h4 Red7 21.Qg4 Qf5 22.
Qxf5 exf5 23.h5 Ne7 24.Re1 Nd5 25.Bd2 Re8 26.Raa1 Rde7 27.Kf1 g6 28.Bd3 
Rxe1+ 29.Rxe1 Rxe1+ 30.Kxe1 Kf8 31.Bc2 Be7 32.Ke2 Ke8 33.Kf3 g5 34.g4 
fxg4+ 35.Kxg4 {... 52 moves} 1-0

[Event "56th World U20 ch"]
[Site "Tarvisio ITA"]
[Date "2017.11.14"]
[Round "2.44"]
[White "Tuomainen, Felix"]
[Black "Svane, Rasmus"]
[Result "0-1"]
[WhiteElo "2214"]
[BlackElo "2587"]
[EventDate "2017.11.13"]
[PlyCount "88"]

1.d4 Nf6 2.c4 e6 3.Nc3 Bb4 4.Qc2 d5 5.cxd5 exd5 6.Bg5 h6 7.Bxf6 Qxf6 8.a3 
Bxc3+ 9.Qxc3 O-O 10.e3 Bf5 11.Nf3 Nd7 12.Bd3 Bxd3 13.Qxd3 c6 14.O-O Qd6 
15.b4 a5 16.Rab1 b5 17.e4 Qg6 18.Nh4 Qxe4 19.Qxe4 dxe4 20.Rfc1 axb4 21.
axb4 Ra6 22.Nf5 Re8 23.g3 Nf6 24.Nd6 Rd8 25.Nf5 Kf8 26.h3 h5 27.Rd1 Nd5 
28.Re1 g6 29.Ne3 Nxe3 30.fxe3 Ke7 31.Rb2 Rda8 32.g4 hxg4 33.hxg4 Ra2 34.
Rxa2 Rxa2 35.Rc1 Kd6 36.Rf1 Re2 37.Rxf7 Rxe3 38.Rf6+ Kd5 39.Rxg6 Rf3 40.
Kg2 Rf8 41.g5 Rf5 42.Rg8 Kc4 43.g6 Kd3 44.g7 Rf7 0-1

[Event "56th World U20 ch"]
[Site "Tarvisio ITA"]
[Date "2017.11.14"]
[Round "2.45"]
[White "Sezdbekov, Ruslan"]
[Black "Aravindh, Chithambaram"]
[Result "0-1"]
[WhiteElo "2188"]
[BlackElo "2572"]
[EventDate "2017.11.13"]
[PlyCount "114"]

1.e4 c5 2.c3 Nf6 3.e5 Nd5 4.d4 cxd4 5.cxd4 d6 6.f4 Nc6 7.Bc4 Nb6 8.Bb5 
dxe5 9.fxe5 Qd5 10.Bxc6+ Qxc6 11.Nf3 Qe4+ 12.Qe2 Qxe2+ 13.Kxe2 Bd7 14.Nc3 
e6 15.b3 Bc6 16.a4 Bb4 17.Nb5 Nd5 18.Bd2 Be7 19.Rhc1 Kd7 20.Na3 h6 21.Nc4 
b6 22.Ne1 Rhc8 23.Nd3 Bb7 24.b4 Rc7 25.Rc2 f5 26.Rac1 g5 27.g3 Rac8 28.b5 
f4 29.a5 fxg3 30.hxg3 h5 31.Nf2 h4 32.gxh4 gxh4 33.axb6 Nxb6 34.Nxb6+ axb6
35.Rxc7+ Rxc7 36.Rg1 Bd5 37.Rg7 Kc8 38.Ke3 Bd8 39.Rxc7+ Kxc7 40.Kf4 Bc4 
41.Bb4 Kd7 42.Ne4 Bxb5 43.Nf6+ Kc6 44.Kg4 Bf1 45.Kxh4 Kb5 46.Bc3 Kc4 47.
Ba1 Bg2 48.Kh5 b5 49.Kg6 Bb6 50.Kf7 Bxd4 51.Bxd4 Kxd4 52.Kxe6 b4 53.Kd6 
Bh3 54.Nd5 b3 55.Nc7 Kc4 56.Kc6 b2 57.Nb5 Bd7+ 0-1

[Event "56th World U20 ch"]
[Site "Tarvisio ITA"]
[Date "2017.11.14"]
[Round "2.46"]
[White "Li, Henry"]
[Black "Sanal, Vahap"]
[Result "0-1"]
[WhiteElo "2168"]
[BlackElo "2557"]
[EventDate "2017.11.13"]
[PlyCount "61"]

1.e4 e5 2.Nf3 Nc6 3.Bb5 a6 4.Ba4 Nf6 5.O-O Be7 6.Re1 b5 7.Bb3 O-O 8.h3 Bb7
9.d3 d5 10.exd5 Nxd5 11.Nh2 f6 12.c3 Na5 13.Bc2 c5 14.Nf1 Rf7 15.Ne3 Nxe3 
16.Bxe3 Bd5 17.Nd2 Bf8 18.Ne4 f5 19.Ng5 Rd7 20.d4 e4 21.f3 Nc4 22.Bc1 Nxb2
23.Bxb2 Qxg5 24.fxe4 fxe4 25.Bxe4 Rad8 26.Qc2 g6 27.Bxd5+ Rxd5 28.Re8 Kf7 
29.Re2 Be7 30.Rf1+ Ke8 31.dxc5 {... 49 moves} 0-1

[Event "56th World U20 ch"]
[Site "Tarvisio ITA"]
[Date "2017.11.14"]
[Round "2.47"]
[White "Kantor, Gergely"]
[Black "Sesar, Ivan"]
[Result "1-0"]
[WhiteElo "2514"]
[BlackElo "2207"]
[EventDate "2017.11.13"]
[PlyCount "77"]

1.d4 Nf6 2.c4 e6 3.g3 d5 4.Bg2 Be7 5.Nf3 O-O 6.O-O dxc4 7.Qc2 a6 8.a4 Bd7 
9.Qxc4 Bc6 10.Bg5 a5 11.Nc3 Na6 12.e3 Nb4 13.Rfd1 h6 14.Bxf6 Bxf6 15.Nd2 
Bxg2 16.Kxg2 Qd7 17.Rac1 Rac8 18.Nde4 Be7 19.d5 e5 20.Qb5 Qxb5 21.Nxb5 f5 
22.Nc5 Bxc5 23.Rxc5 Na6 24.Rc4 Rfd8 25.e4 g6 26.f3 Kf8 27.Rdc1 Rd7 28.Kf2 
Ke7 29.d6+ Rxd6 30.Nxd6 Kxd6 31.Rd1+ Ke6 32.exf5+ gxf5 33.f4 e4 34.g4 Nb4 
35.gxf5+ Kxf5 36.Ke3 c5 37.Rd2 Nd3 38.Rxe4 c4 39.Rc2 1-0

[Event "56th World U20 ch"]
[Site "Tarvisio ITA"]
[Date "2017.11.14"]
[Round "2.48"]
[White "Li Di"]
[Black "Miciano, John Marvin"]
[Result "1-0"]
[WhiteElo "2479"]
[BlackElo "2151"]
[EventDate "2017.11.13"]
[PlyCount "103"]

1.Nf3 Nf6 2.c4 e6 3.Nc3 d5 4.d4 Bb4 5.Bg5 h6 6.Bxf6 Qxf6 7.Qb3 c5 8.cxd5 
exd5 9.e3 O-O 10.dxc5 Bxc3+ 11.Qxc3 Qxc3+ 12.bxc3 Nd7 13.Rd1 Nxc5 14.Rxd5 
Na4 15.Rd4 Nb6 16.a4 Be6 17.a5 Nd5 18.Kd2 Rac8 19.Bc4 Rc5 20.Bxd5 Bxd5 21.
Ra1 Rfc8 22.Ne1 Bc4 23.f3 Rb5 24.Nc2 Rcc5 25.Nb4 a6 26.e4 Be6 27.Rd8+ Kh7 
28.f4 Rxa5 29.Rxa5 Rxa5 30.f5 Bb3 31.h4 Ra1 32.Nd3 Rd1+ 33.Ke2 Rh1 34.Nc5 
Bc4+ 35.Kf3 h5 36.Kg3 g6 37.f6 Rf1 38.Nd7 a5 39.Nf8+ Kh6 40.Ne6 g5 41.
hxg5+ Kg6 42.Rg8+ Kh7 43.Rg7+ Kh8 44.Nd8 a4 45.Nxf7+ Bxf7 46.Rxf7 a3 47.g6
Kg8 48.e5 Rf5 49.Rxb7 Rg5+ 50.Kf4 Rxg6 51.Rb8+ Kh7 52.f7 1-0

[Event "56th World U20 ch"]
[Site "Tarvisio ITA"]
[Date "2017.11.14"]
[Round "2.49"]
[White "De Vleeschauwer, Maarten"]
[Black "Jarmula, Lukasz"]
[Result "0-1"]
[WhiteElo "2139"]
[BlackElo "2470"]
[EventDate "2017.11.13"]
[PlyCount "80"]

1.e4 e6 2.d4 d5 3.Nc3 Bb4 4.exd5 exd5 5.Bd3 Nc6 6.Ne2 Nge7 7.O-O Bf5 8.Ng3
Bxd3 9.Qxd3 Qd7 10.Nce2 h5 11.c4 h4 12.cxd5 Qxd5 13.Ne4 h3 14.Nf4 Qf5 15.
Ng3 Qxd3 16.Nxd3 O-O-O 17.Be3 hxg2 18.Kxg2 Ba5 19.Ne5 Nxe5 20.dxe5 Ng6 21.
f4 Bd2 22.Kf3 Rxh2 23.Rh1 Rxh1 24.Rxh1 Rd3 25.Nf5 Bxe3 26.Nxe3 Rd4 27.Ng2 
Nf8 28.Rh8 Rd8 29.Rh1 Ne6 30.f5 Nd4+ 31.Ke4 Nc6 32.Rh7 Rd4+ 33.Ke3 Rg4 34.
e6 fxe6 35.fxe6 Kd8 36.Nf4 Ke7 37.Ke4 Kf6 38.Kf3 Kf5 39.Rh5+ g5 40.Nd3 
Nd4+ 0-1

[Event "56th World U20 ch"]
[Site "Tarvisio ITA"]
[Date "2017.11.14"]
[Round "2.50"]
[White "Livaic, Leon"]
[Black "Schweighoffer, Martin"]
[Result "1-0"]
[WhiteElo "2470"]
[BlackElo "2123"]
[EventDate "2017.11.13"]
[PlyCount "89"]

1.d4 Nf6 2.c4 g6 3.Nc3 d5 4.Nf3 Bg7 5.cxd5 Nxd5 6.e4 Nxc3 7.bxc3 c5 8.Be3 
Qa5 9.Nd2 b6 10.Rc1 Ba6 11.Nc4 Bxc4 12.Bxc4 Nd7 13.O-O b5 14.Be2 Rc8 15.
Qb3 c4 16.Qb2 e5 17.f4 exd4 18.cxd4 O-O 19.e5 Nb6 20.Bd2 Qa4 21.Bd1 Qa6 
22.Bg4 Rcd8 23.f5 Na4 24.Qb4 Qb6 25.Bg5 a5 26.Qe1 Qxd4+ 27.Kh1 Rd5 28.f6 
Rxe5 29.fxg7 Rfe8 30.Bf6 Rxe1 31.Bxd4 R1e4 32.Bd7 Rb8 33.Rfd1 Re2 34.Re1 
Rd2 35.Be5 Rb6 36.Rcd1 Rxd1 37.Rxd1 f6 38.Bd4 Rd6 39.Bxb5 Nb2 40.Rd2 Kxg7 
41.Bc3 Rxd2 42.Bxd2 a4 43.Bc3 Nd1 44.Bd4 a3 45.Bxc4 1-0

[Event "56th World U20 ch"]
[Site "Tarvisio ITA"]
[Date "2017.11.14"]
[Round "2.51"]
[White "Dragnev, Valentin"]
[Black "De Block, Yordi"]
[Result "1-0"]
[WhiteElo "2461"]
[BlackElo "2119"]
[EventDate "2017.11.13"]
[PlyCount "111"]

1.e4 e5 2.Nf3 Nf6 3.Nc3 Nc6 4.d4 exd4 5.Nxd4 Bb4 6.Nxc6 bxc6 7.Bd3 O-O 8.
O-O d5 9.exd5 cxd5 10.h3 c6 11.Qf3 Bd6 12.Bf4 Be6 13.Ne2 Rb8 14.Nd4 Qc7 
15.Bxd6 Qxd6 16.b3 c5 17.Nf5 Bxf5 18.Qxf5 Rfe8 19.Rfe1 g6 20.Qf3 Rxe1+ 21.
Rxe1 Re8 22.Rxe8+ Nxe8 23.c4 d4 24.Qa8 Qe7 25.b4 cxb4 26.c5 Kg7 27.Qd5 Qf6
28.Bc4 Kf8 29.g3 a5 30.c6 a4 31.Qc5+ Qd6 32.Qa7 Nc7 33.Qxa4 d3 34.Qd1 d2 
35.Bb3 Nb5 36.Qf3 f5 37.Kf1 Qe5 $11 38.Qd3 Qe1+ 39.Kg2 Qe4+ 40.Qxe4 fxe4 
41.Kf1 Ke7 42.Ke2 Kd6 43.Kxd2 Kxc6 44.Ke3 Nc3 45.Kd4 Kd6 46.a3 bxa3 47.
Kxc3 Ke5 48.Kd2 Kd4 49.h4 h6 50.Ba2 g5 51.hxg5 hxg5 52.g4 e3+ 53.fxe3+ Ke4
54.Ke2 Ke5 55.Kd3 Kd6 56.Ke4 1-0

[Event "56th World U20 ch"]
[Site "Tarvisio ITA"]
[Date "2017.11.14"]
[Round "2.52"]
[White "Schoppen, Casper"]
[Black "Bischofberger, Dario"]
[Result "1/2-1/2"]
[WhiteElo "2432"]
[BlackElo "2108"]
[EventDate "2017.11.13"]
[PlyCount "100"]

1.d4 Nf6 2.c4 e6 3.Nf3 Bb4+ 4.Bd2 Qe7 5.Nc3 b6 6.g3 Bb7 7.Bg2 Bxc3 8.Bxc3 
Ne4 9.Rc1 O-O 10.O-O Nxc3 11.Rxc3 d6 12.Qc2 Nd7 13.e4 e5 14.d5 a5 15.b3 g6
16.a3 c6 17.dxc6 Bxc6 18.b4 Rfd8 19.Qd3 Nf8 20.Qe3 Rab8 21.Rb1 Ne6 22.Bh3 
Nd4 23.Nxd4 exd4 24.Qxd4 Qxe4 25.Qxe4 Bxe4 26.Re1 Bc6 27.Bg2 Bxg2 28.Kxg2 
axb4 29.axb4 Rbc8 30.Re7 Kf8 31.Rb7 Rb8 32.Rxb8 Rxb8 33.Kf3 Ke7 34.Ke4 Ra8
35.Kd5 Kd7 36.Rf3 f5 37.g4 Re8 38.gxf5 Re5+ 39.Kd4 gxf5 40.Rh3 Re4+ 41.Kd3
b5 42.Rxh7+ Ke6 43.Rc7 Rh4 44.f3 bxc4+ 45.Rxc4 Rxh2 46.Rc2 Rh3 47.Ke2 Rh4 
48.Ke3 Rxb4 49.Rc8 Ra4 50.Re8+ Kf7 1/2-1/2

[Event "56th World U20 ch"]
[Site "Tarvisio ITA"]
[Date "2017.11.14"]
[Round "2.53"]
[White "Lumachi, Gabriele"]
[Black "Krishna Teja, N."]
[Result "1/2-1/2"]
[WhiteElo "2111"]
[BlackElo "2363"]
[EventDate "2017.11.13"]
[PlyCount "93"]

1.e4 c5 2.Nc3 Nc6 3.Bb5 e6 4.Bxc6 bxc6 5.d3 d5 6.f4 Ba6 7.Nf3 c4 8.d4 Bb4 
9.e5 Nh6 10.O-O Nf5 11.Qe2 Qb6 12.Qf2 c5 13.a3 Bxc3 14.bxc3 cxd4 15.Nxd4 
Nxd4 16.Be3 Ne2+ 17.Qxe2 Qa5 18.Bd4 g6 19.Qe3 Bb5 20.Rfb1 Bc6 21.Bc5 Kd7 
22.Bd6 f5 23.Rb4 d4 24.Qxd4 Qd5 25.Qxd5 Bxd5 26.a4 Rhg8 27.h4 h6 28.Kf2 g5
29.fxg5 hxg5 30.h5 g4 31.Rh1 g3+ 32.Kg1 Rg4 33.Bc5 Re4 34.Kf1 Rg8 35.Rb1 
Reg4 36.h6 Rh8 37.Rd1 Kc6 38.Bxa7 f4 39.Rh3 Rg6 40.h7 Rg7 41.Bg1 Rgxh7 42.
Rxh7 Rxh7 43.Rb1 Rf7 44.Bd4 f3 45.gxf3 Bxf3 46.a5 g2+ 47.Kg1 $11 1/2-1/2

[Event "56th World U20 ch"]
[Site "Tarvisio ITA"]
[Date "2017.11.14"]
[Round "2.54"]
[White "Heinechen, Juan"]
[Black "Tutisani, Noe"]
[Result "1/2-1/2"]
[WhiteElo "2101"]
[BlackElo "2361"]
[EventDate "2017.11.13"]
[PlyCount "110"]

1.e4 e5 2.Nf3 Nc6 3.Bc4 Bc5 4.c3 Nf6 5.d3 d6 6.Nbd2 a6 7.Bb3 h6 8.h3 O-O 
9.O-O Ba7 10.Re1 Ne7 11.Nf1 Ng6 12.Ng3 Be6 13.d4 Qc8 14.Bxe6 Qxe6 15.Be3 
Rfd8 16.d5 Qd7 17.c4 c6 18.Rc1 Bxe3 19.Rxe3 c5 20.Kh2 b5 21.Nd2 Nf4 22.Ne2
Re8 23.Qf1 Rab8 24.b3 Ng6 25.g3 bxc4 26.Nxc4 h5 27.Nc3 h4 28.Na5 Kh7 29.
Nc6 Ra8 30.Na4 Qb7 31.Qe1 Rh8 32.b4 cxb4 33.Qxb4 Qxb4 34.Nxb4 Rhb8 35.a3 
a5 36.Nc6 Rb5 37.Kg2 Kg8 38.Rc2 Kf8 39.Rb2 Rxb2 40.Nxb2 hxg3 41.fxg3 Ne7 
42.Nxe7 Kxe7 43.Kf3 Rb8 44.Nc4 a4 45.Na5 Rb1 46.h4 Rc1 47.Nc6+ Kd7 48.Nb4 
Kc7 49.Na2 Rc5 50.Nc3 Rc4 51.Nb5+ Kd7 52.g4 Rc5 53.Nc3 Rc4 54.Nb5 Rc5 55.
Nc3 Rc4 1/2-1/2

[Event "56th World U20 ch"]
[Site "Tarvisio ITA"]
[Date "2017.11.14"]
[Round "2.55"]
[White "Bayramov, Elkhan"]
[Black "Noboa Silva, Kevin"]
[Result "1-0"]
[WhiteElo "2065"]
[BlackElo "2356"]
[EventDate "2017.11.13"]
[PlyCount "91"]

1.e4 e6 2.d4 d5 3.Nc3 Nf6 4.e5 Nfd7 5.f4 c5 6.Nf3 Be7 7.Be3 O-O 8.Be2 b6 
9.O-O Nc6 10.Qd2 Qc7 11.Nb5 Qb8 12.Rae1 a6 13.Nc3 b5 14.dxc5 Nxc5 15.Bd3 
b4 16.Ne2 Bd7 17.Ned4 Nxd3 18.cxd3 Nxd4 19.Nxd4 b3 20.a3 Rc8 21.Rf3 Bc5 
22.f5 exf5 23.Nxf5 Bxf5 24.Rxf5 Bxe3+ 25.Qxe3 Rc6 26.Ref1 Ra7 27.Qf3 Rd7 
28.Kh1 Qb7 29.Rf4 a5 30.Qg4 Rg6 31.Qh3 h6 32.d4 a4 33.Qd3 Qc6 34.Qf3 Qc7 
35.h4 Rc6 36.Rg4 Rc1 37.Kh2 Rxf1 38.Qxf1 Qc6 39.Qf3 Qe6 40.Qg3 g6 41.Rf4 
Qe7 42.Rf6 h5 43.Qg5 Rc7 44.e6 Qd6+ 45.Kh3 Kf8 46.Qh6+ 1-0

[Event "56th World U20 ch"]
[Site "Tarvisio ITA"]
[Date "2017.11.14"]
[Round "2.56"]
[White "Batsuren, Dambasuren"]
[Black "Fuentes Parra, Victor Ignacio"]
[Result "1-0"]
[WhiteElo "2352"]
[BlackElo "2087"]
[EventDate "2017.11.13"]
[PlyCount "69"]

1.d4 d5 2.c4 e6 3.Nc3 f5 4.Nf3 Nf6 5.g3 c6 6.Bg2 Bd6 7.O-O O-O 8.Qc2 Ne4 
9.Rb1 a5 10.a3 Bd7 11.b4 b5 12.c5 Bc7 13.Bf4 Be8 14.e3 Bh5 15.Nxe4 fxe4 
16.Ng5 Rf6 17.Bh3 Bxf4 18.exf4 Qe7 19.Rfe1 Bg6 20.Qb3 h6 21.Nxe6 Rxe6 22.
f5 Rf6 23.fxg6 Kh8 24.f3 Nd7 25.fxe4 dxe4 26.d5 Re8 27.d6 Qd8 28.Bg2 Rfe6 
29.Bh3 Rf6 30.Bxd7 Qxd7 31.Rf1 a4 32.Qa2 Ref8 33.Rxf6 Rxf6 34.Rf1 Rxf1+ 
35.Kxf1 1-0

[Event "56th World U20 ch"]
[Site "Tarvisio ITA"]
[Date "2017.11.14"]
[Round "2.57"]
[White "Zuo Yifan"]
[Black "Lindholm, Jere"]
[Result "1-0"]
[WhiteElo "2346"]
[BlackElo "2064"]
[EventDate "2017.11.13"]
[PlyCount "99"]

1.d4 Nf6 2.c4 g6 3.Nf3 Bg7 4.g3 O-O 5.Bg2 c6 6.O-O d5 7.b3 Bf5 8.Bb2 Nbd7 
9.Nh4 Be6 10.Nd2 a5 11.e4 Nxe4 12.Nxe4 dxe4 13.Bxe4 f5 14.Bg2 Bf7 15.Qe2 
Re8 16.Nf3 Qc7 17.Rfe1 c5 18.Qc2 h6 19.Rad1 Rad8 20.h4 e6 21.Bc3 b6 22.a3 
Nb8 23.dxc5 Qxc5 24.Bxg7 Kxg7 25.Qc3+ Kg8 26.b4 Qc7 27.Ne5 Rxd1 28.Rxd1 
axb4 29.axb4 Rd8 30.Rxd8+ Qxd8 31.c5 bxc5 32.bxc5 Qc7 33.c6 Be8 34.f4 Kf8 
35.Qc5+ Kg7 36.Kh2 Na6 37.Qf2 Qc8 38.Nd7 Bxd7 39.Qd4+ Kf7 40.cxd7 Qd8 41.
Qd6 Nb8 42.Bf3 h5 43.Bb7 Nxd7 44.Bc6 Qe7 45.Qxd7 Qxd7 46.Bxd7 Ke7 47.Ba4 
Kf6 48.Kg2 e5 49.fxe5+ Kxe5 50.Kf3 1-0

[Event "56th World U20 ch"]
[Site "Tarvisio ITA"]
[Date "2017.11.14"]
[Round "2.58"]
[White "Tarini, Goyal"]
[Black "Zarubitsky, Viachaslau"]
[Result "0-1"]
[WhiteElo "2062"]
[BlackElo "2344"]
[EventDate "2017.11.13"]
[PlyCount "68"]

1.d4 d5 2.c4 c6 3.cxd5 cxd5 4.Nc3 Nf6 5.Bf4 Nc6 6.e3 e6 7.Bd3 Be7 8.h3 O-O
9.Nf3 Bd6 10.Bxd6 Qxd6 11.O-O Bd7 12.a3 Rfc8 13.Qe2 a6 14.Rac1 Na5 15.Ne5 
b5 16.f4 Nc4 17.g4 Be8 18.g5 Nd7 19.Qf2 b4 20.Nxc4 dxc4 21.Ne4 Qe7 22.Bxc4
bxa3 23.bxa3 Nb6 24.Bd3 Rxc1 25.Rxc1 Qxa3 26.Rd1 Nd5 27.Qh4 Nxe3 28.Nf6+ 
Kf8 29.Nxh7+ Ke7 30.g6+ f6 31.Nxf6 gxf6 32.Qh7+ Kd6 33.Rb1 Qxd3 34.Rc1 Rc8
0-1

[Event "56th World U20 ch"]
[Site "Tarvisio ITA"]
[Date "2017.11.14"]
[Round "2.59"]
[White "Hiebert, Kenji"]
[Black "Brazdzionis, Andrius"]
[Result "1-0"]
[WhiteElo "2017"]
[BlackElo "2322"]
[EventDate "2017.11.13"]
[PlyCount "65"]

1.Nf3 Nf6 2.c4 c5 3.Nc3 d5 4.cxd5 Nxd5 5.e3 e6 6.Bc4 Nb6 7.Be2 Nc6 8.O-O 
Be7 9.b3 O-O 10.Bb2 e5 11.d4 exd4 12.exd4 cxd4 13.Nb5 Bg4 14.Nbxd4 Bf6 15.
Rb1 Nxd4 16.Nxd4 Bxe2 17.Nxe2 Re8 18.Nf4 Bxb2 19.Rxb2 Qf6 20.Nd3 Red8 21.
Rd2 Qc3 22.Re1 Rd5 23.Qe2 g6 24.Rc1 Qd4 25.Rcd1 Rad8 26.g3 Na8 27.Ne5 Qxd2
28.Rxd2 Rxd2 29.Qf3 Rf8 30.Qf6 Rd4 31.f4 h6 32.Nxg6 Rd1+ 33.Kf2 1-0

[Event "56th World U20 ch"]
[Site "Tarvisio ITA"]
[Date "2017.11.14"]
[Round "2.60"]
[White "Xu Yining"]
[Black "Zenari, Marco"]
[Result "1-0"]
[WhiteElo "2321"]
[BlackElo "1997"]
[EventDate "2017.11.13"]
[PlyCount "65"]

1.e4 c5 2.Nf3 d6 3.d4 cxd4 4.Nxd4 Nf6 5.Nc3 g6 6.Be3 Bg7 7.f3 O-O 8.Qd2 
Nc6 9.g4 Nxd4 10.Bxd4 Be6 11.h4 Qa5 12.h5 Rfc8 13.a3 b5 14.h6 Bh8 15.b4 
Qc7 16.g5 Ne8 17.Nxb5 Qxc2 18.Bxh8 Qxd2+ 19.Kxd2 Kxh8 20.Nd4 Bc4 21.Rc1 
Bxf1 22.Rhxf1 Kg8 23.Rxc8 Rxc8 24.Rc1 Rb8 25.Nc6 Rb7 26.Na5 Rb8 27.Rc6 Kf8
28.Ra6 Nc7 29.Rxa7 Nb5 30.Nc6 Rc8 31.Rb7 Nxa3 32.Nxe7 Ra8 33.Kd3 1-0

[Event "56th World U20 ch"]
[Site "Tarvisio ITA"]
[Date "2017.11.14"]
[Round "2.61"]
[White "Willathgamuwa, Kevin"]
[Black "Abdulla, Murad"]
[Result "1-0"]
[WhiteElo "1996"]
[BlackElo "2316"]
[EventDate "2017.11.13"]
[PlyCount "93"]

1.e4 g6 2.d4 Bg7 3.Nf3 d6 4.Bd3 Nf6 5.h3 a6 6.a4 c5 7.Qe2 O-O 8.O-O cxd4 
9.Nxd4 Nbd7 10.c3 Qc7 11.Nd2 e5 12.N4b3 d5 13.a5 Kh8 14.Rd1 Nb8 15.Qe3 Nc6
16.exd5 Nxd5 17.Qc5 Rd8 18.Qc4 f5 19.Nf1 Be6 20.Qa4 b5 21.axb6 Nxb6 22.Qa3
Bf8 23.Nc5 Bc4 24.b4 a5 25.Bg5 axb4 26.Bf6+ Bg7 27.Bxd8 Nxd8 28.Qxb4 Rxa1 
29.Rxa1 Bxd3 30.Nxd3 e4 31.Qc5 Qb8 32.Rb1 exd3 33.Rxb6 Qe5 34.Qc8 Bf6 35.
Qd7 Qxc3 36.Rb8 Qe5 37.Rxd8+ Bxd8 38.Qxd8+ Kg7 39.Qxd3 Qe1 40.Qd7+ Kg8 41.
Qd2 Qa1 42.Qe2 Kg7 43.Kh2 Qa7 44.Qe5+ Kg8 45.Ne3 Qb6 46.Nd5 Qxf2 47.Qf6 
1-0

[Event "56th World U20 ch"]
[Site "Tarvisio ITA"]
[Date "2017.11.14"]
[Round "2.62"]
[White "Vangsgard, Bjarke"]
[Black "Nowak, Lukasz"]
[Result "0-1"]
[WhiteElo "1987"]
[BlackElo "2310"]
[EventDate "2017.11.13"]
[PlyCount "122"]

1.d4 Nf6 2.Bf4 g6 3.Nf3 Bg7 4.e3 d6 5.Be2 O-O 6.O-O Nc6 7.h3 Re8 8.Bh2 Bf5
9.c3 e5 10.a4 Ne4 11.a5 a6 12.b4 exd4 13.exd4 Ne7 14.Qb3 Qc8 15.Bc4 Kh8 
16.Re1 c6 17.Bxf7 Rf8 18.Nbd2 d5 19.Nxe4 Bxe4 20.Ng5 Qf5 21.f4 Qf6 22.Nxe4
dxe4 23.Bc4 g5 24.Rxe4 Ng6 25.Re6 Qd8 26.fxg5 Bxd4+ 27.Kh1 Bg7 28.Bd6 Rf5 
29.Qc2 Qxg5 30.Bd3 Rf6 31.Rae1 Rxe6 32.Rxe6 Qd5 33.Qe2 Nf8 34.Bc4 Qg5 35.
Re3 Qg6 36.Bc5 Rd8 37.Kh2 Qh6 38.Rf3 Ng6 39.Bd4 Bxd4 40.cxd4 Qg7 41.Rf7 
Qxd4 42.Qe6 Qe5+ 43.Kg1 Rd1+ 44.Rf1 Rxf1+ 45.Kxf1 Qa1+ 46.Kf2 Qd4+ 47.Ke1 
Qa1+ 48.Kd2 Qb2+ 49.Kd1 Qb1+ 50.Kd2 Qxb4+ 51.Kc2 Qf8 52.Kb3 Kg7 53.Qd7+ 
Qe7 54.Qd4+ Kh6 55.g4 Kg5 56.Qf2 Qe4 57.Qf7 c5 58.Qd5+ Qe5 59.Qxb7 Qe3+ 
60.Kc2 Qf2+ 61.Kb3 Qe3+ {White time zero} 0-1